Ruby Bridges goes to school : (Record no. 8191)

MARC details
000 -LEADER
fixed length control field 00982nam a22002897a 4500
001 - CONTROL NUMBER
control field 8191
003 - CONTROL NUMBER IDENTIFIER
control field FISKH
005 - DATE AND TIME OF LATEST TRANSACTION
control field 20250901145638.0
008 - FIXED-LENGTH DATA ELEMENTS--GENERAL INFORMATION
fixed length control field 250901b cb ||||| |||| 00| 0 eng d
020 ## - INTERNATIONAL STANDARD BOOK NUMBER
International Standard Book Number 9780545108553
040 ## - CATALOGING SOURCE
Original cataloging agency FISKH
Language of cataloging eng
Transcribing agency FISKH
Modifying agency FISKH
050 ## - LIBRARY OF CONGRESS CALL NUMBER
Classification number F379.N59 N433
082 ## - DEWEY DECIMAL CLASSIFICATION NUMBER
Classification number 379.263092
100 ## - MAIN ENTRY--PERSONAL NAME
Personal name Bridges, Ruby
Dates associated with a name (1954-)
245 ## - TITLE STATEMENT
Title Ruby Bridges goes to school :
Remainder of title My true story /
Statement of responsibility, etc. By Ruby Bridges
250 ## - EDITION STATEMENT
Edition statement This edition first published in 2009
260 ## - PUBLICATION, DISTRIBUTION, ETC.
Place of publication, distribution, etc. New York :
Name of publisher, distributor, etc. Scholastic,
Date of publication, distribution, etc. 2003
300 ## - PHYSICAL DESCRIPTION
Extent 29 unnumbered pages :
Other physical details color illustrations ;
Dimensions 23 cm
505 ## - FORMATTED CONTENTS NOTE
Formatted contents note G<br/>
520 ## - SUMMARY, ETC.
Summary, etc. Ruby Bridges tells the story of how she helped end racial segregation in the New Orleans public school system when she was in the first grade.<br/>
521 8# - TARGET AUDIENCE NOTE
Target audience note 410<br/>
Source Lexile<br/>
521 8# - TARGET AUDIENCE NOTE
Target audience note G<br/>
Source Raz-Plus<br/>
650 ## - SUBJECT ADDED ENTRY--TOPICAL TERM
Source of heading or term African Americans
Topical term or geographic name entry element Black History Month
650 ## - SUBJECT ADDED ENTRY--TOPICAL TERM
Source of heading or term Biographies
Topical term or geographic name entry element Martin Luther King
942 ## - ADDED ENTRY ELEMENTS (KOHA)
Source of classification or shelving scheme Dewey Decimal Classification
Koha item type Books
Suppress in OPAC No
Holdings
Withdrawn status Lost status Source of classification or shelving scheme Damaged status Not for loan Collection Home library Current library Shelving location Date acquired Total Checkouts Full call number Barcode Date last seen Copy number Price effective from Koha item type
    Dewey Decimal Classification     Non-Fiction Footprints International School Library Network Toul Tom Poung Campus Footprints International School Library Network Toul Tom Poung Campus TTP Primary Dark Blue Bookshelves 09/01/2025   BRI 379.263092 F379.N59 N433 FISTK00629 09/01/2025 1 09/01/2025 Books